[Event "MVP-ch Seniors op 14th"]
[Site "Binz"]
[Date "2014.12.02"]
[Round "8"]
[White "Juergens, Peter1111"]
[Black "Loesche, Heinz"]
[Result "1/2-1/2"]
[WhiteElo "1824"]
[BlackElo "1648"]
[PlyCount "48"]
[EventDate "2014.11.25"]
[EventType "swiss"]
[EventRounds "9"]
[EventCountry "GER"]
[SourceTitle "EXT 2016"]
[Source "ChessBase"]
[SourceDate "2015.10.08"]
[SourceVersion "1"]
[SourceVersionDate "2015.10.08"]
[SourceQuality "1"]

1. d4 Nf6 2. Nf3 e6 3. Bf4 b6 4. e3 Bb7 5. Nbd2 Be7 6. h3 d6 7. Bd3 Nbd7 8. 0-0 d5 9. Ne5 Nxe5 10. Bxe5 0-0 11. Qe2 Qc8 12. Nf3 Ne4 13. Bh2 a5 14. Ne5 f6 15. Nf3 Ba6 16. c4 Qb7 17. Rfc1 Bd6 18. Rc2 Bxh2+ 19. Nxh2 Rac8 20. Rac1 c5 21. cxd5 Bxd3 22. Qxd3 exd5 23. dxc5 Rxc5 24. Nf3 Rfc8 1/2-1/2

[Event "MVP-ch Seniors op 14th"]
[Site "Binz"]
[Date "2014.11.29"]
[Round "5"]
[White "Loesche, Heinz"]
[Black "Hellwege, Werner"]
[Result "1/2-1/2"]
[WhiteElo "1648"]
[BlackElo "1862"]
[PlyCount "99"]
[EventDate "2014.11.25"]
[EventType "swiss"]
[EventRounds "9"]
[EventCountry "GER"]
[SourceTitle "EXT 2016"]
[Source "ChessBase"]
[SourceDate "2015.10.08"]
[SourceVersion "1"]
[SourceVersionDate "2015.10.08"]
[SourceQuality "1"]

1. c4 c5 2. Nc3 Nc6 3. g3 g6 4. Bg2 Bg7 5. e4 e6 6. d3 Nge7 7. Nge2 0-0 8. a3 d6 9. Rb1 f5 10. 0-0 Nd4 11. Nxd4 cxd4 12. Ne2 Rb8 13. b3 b5 14. Bd2 Qc7 15. Qc1 fxe4 16. Bxe4 Nf5 17. Nf4 Bd7 18. Qe1 Rfe8 19. Ba5 Qc8 20. Qd2 Ne7 21. Rfc1 Nc6 22. cxb5 Rxb5 23. Bb4 d5 24. Bg2 Qb7 25. Rc5 Nxb4 26. Rxb5 Qxb5 27. axb4 Rc8 28. Ra1 a6 29. Bh3 Rc3 30. Qe2 e5 31. Bxd7 Qxd7 32. Ng2 Qc6 33. Ne1 Rxb3 34. Qa2 Rxb4 35. Qxa6 Qxa6 36. Rxa6 Rb1 37. Kf1 e4 38. Ke2 Rb2+ 39. Kf1 Rb1 40. Ke2 Bh6 41. f4 Rb2+ 42. Kf1 Rxh2 43. Rd6 Rh5 44. dxe4 dxe4 45. Rxd4 Rh1+ 46. Kf2 e3+ 47. Ke2 Bf8 48. Re4 Bc5 49. Re5 Bb4 50. Nf3 1/2-1/2

[Event "MVP-ch Seniors op 13th"]
[Site "Binz"]
[Date "2013.11.29"]
[Round "3"]
[White "Loesche, Heinz"]
[Black "Kuehn, Peter1111"]
[Result "1/2-1/2"]
[WhiteElo "1600"]
[BlackElo "1787"]
[PlyCount "56"]
[EventDate "2013.11.27"]
[EventType "swiss"]
[EventRounds "9"]
[EventCountry "GER"]
[SourceTitle "EXT 2015"]
[Source "ChessBase"]
[SourceDate "2014.11.20"]
[SourceVersion "1"]
[SourceVersionDate "2014.11.20"]
[SourceQuality "1"]

1. c4 e6 2. Nc3 f5 3. g3 Nf6 4. Bg2 Be7 5. Nf3 d6 6. d4 0-0 7. 0-0 c6 8. Re1 Ne4 9. Qd3 Nxc3 10. Qxc3 Bf6 11. b3 c5 12. Bb2 Nc6 13. Qd2 Qe7 14. e4 fxe4 15. Rxe4 cxd4 16. Nxd4 Nxd4 17. Bxd4 e5 18. Bc3 Bf5 19. Ree1 e4 20. Qd5+ Be6 21. Bxf6 Qxf6 22. Qxe4 Qxf2+ 23. Kh1 Rae8 24. Rf1 Qb2 25. Rxf8+ Kxf8 26. Rf1+ Kg8 27. Qb1 Qxb1 28. Rxb1 Bc8 1/2-1/2

[Event "MVP-ch Seniors op 13th"]
[Site "Binz"]
[Date "2013.11.28"]
[Round "2"]
[White "Rollwitz, Inge"]
[Black "Loesche, Heinz"]
[Result "0-1"]
[WhiteElo "1258"]
[BlackElo "1600"]
[PlyCount "106"]
[EventDate "2013.11.27"]
[EventType "swiss"]
[EventRounds "9"]
[EventCountry "GER"]
[SourceTitle "EXT 2015"]
[Source "ChessBase"]
[SourceDate "2014.11.20"]
[SourceVersion "1"]
[SourceVersionDate "2014.11.20"]
[SourceQuality "1"]

1. d4 Nf6 2. c4 e6 3. Nf3 b6 4. e3 Bb7 5. Be2 Be7 6. 0-0 0-0 7. Nbd2 d6 8. b3 Nbd7 9. Bb2 Ne4 10. Nxe4 Bxe4 11. Rc1 Bf6 12. Bd3 Bxd3 13. Qxd3 Rc8 14. Rfd1 Re8 15. Qe2 c6 16. Rd2 Rc7 17. Ba3 Be7 18. e4 Nf8 19. e5 d5 20. Bxe7 Qxe7 21. Rdc2 Rec8 22. c5 b5 23. b4 Ng6 24. Qe3 h6 25. g3 Ra8 26. a3 a5 27. Rb2 axb4 28. Rxb4 Rca7 29. Ra1 Ra4 30. Qc1 Qa7 31. Qc3 Rxa3 32. Rxa3 Qxa3 33. Qxa3 Rxa3 34. Kg2 f6 35. h4 Kf7 36. h5 Nf8 37. g4 Nd7 38. Rb2 fxe5 39. Nxe5+ Nxe5 40. dxe5 Rc3 41. Ra2 Rxc5 42. Ra7+ Kg8 43. Re7 b4 44. Rxe6 b3 45. Re8+ Kh7 46. e6 b2 47. e7 b1Q 48. Rh8+ Kxh8 49. e8Q+ Kh7 50. Qe3 Qe4+ 51. Kg3 Qxe3+ 52. fxe3 Rc4 53. Kf3 Re4 0-1

[Event "GER-ch Seniors"]
[Site "Dresden"]
[Date "2012.08.16"]
[Round "8"]
[White "Van Houten, Henk"]
[Black "Loesche, Heinz"]
[Result "1-0"]
[WhiteElo "1725"]
[BlackElo "1937"]
[PlyCount "70"]
[EventDate "2012.08.09"]
[EventType "swiss"]
[EventRounds "9"]
[EventCountry "GER"]
[SourceTitle "EXT 2014"]
[Source "ChessBase"]
[SourceDate "2013.11.20"]
[SourceVersion "1"]
[SourceVersionDate "2013.11.20"]
[SourceQuality "1"]

1. b3 c5 2. Bb2 Nc6 3. c4 d6 4. e3 Bf5 5. d3 e6 6. a3 Nf6 7. Nf3 Be7 8. g3 h6 9. Bg2 Qd7 10. 0-0 Rd8 11. Nc3 e5 12. Nd5 0-0 13. Nxe7+ Qxe7 14. Qe2 Rfe8 15. e4 Bg4 16. h3 Be6 17. Nd2 Qd7 18. Kh2 Nh7 19. f4 f6 20. f5 Bf7 21. h4 a6 22. Bf3 Ra8 23. Rg1 b5 24. Bh5 Reb8 25. Bxf7+ Qxf7 26. Qd1 Kh8 27. g4 Qb7 28. Rg3 Nd4 29. Bxd4 exd4 30. Qf3 Qe7 31. Kh3 Rg8 32. Rag1 g6 33. fxg6 Rxg6 34. Qf5 Rag8 35. Rf1 Re8 1-0

[Event "GER-ch Seniors"]
[Site "Dresden"]
[Date "2012.08.09"]
[Round "1"]
[White "Loesche, Heinz"]
[Black "Ebeling, Hans Juergen"]
[Result "1-0"]
[WhiteElo "1937"]
[BlackElo "1469"]
[PlyCount "107"]
[EventDate "2012.08.09"]
[EventType "swiss"]
[EventRounds "9"]
[EventCountry "GER"]
[SourceTitle "EXT 2014"]
[Source "ChessBase"]
[SourceDate "2013.11.20"]
[SourceVersion "1"]
[SourceVersionDate "2013.11.20"]
[SourceQuality "1"]

1. c4 Nf6 2. Nc3 d5 3. cxd5 Nxd5 4. e4 Nb4 5. d4 Qxd4 6. Be3 Qxd1+ 7. Kxd1 c6 8. a3 N4a6 9. Kc2 g6 10. Bd4 Rg8 11. Bc4 Bg7 12. Nf3 Bxd4 13. Nxd4 Nd7 14. Bxa6 bxa6 15. Nxc6 Bb7 16. Na5 Rb8 17. Nxb7 Rxb7 18. Rad1 e6 19. Rd6 Rb6 20. Rhd1 Rxd6 21. Rxd6 Nb6 22. Rc6 Kd7 23. Rc5 Na8 24. Ra5 Nc7 25. Na4 Rc8 26. Kd2 Kc6 27. Rc5+ Kb7 28. Rc3 Rd8+ 29. Ke3 Nb5 30. Nc5+ Kb6 31. Rd3 Rxd3+ 32. Nxd3 f6 33. h4 h5 34. Nf4 e5 35. Nxg6 Kc5 36. Kd3 a5 37. Ne7 Nd6 38. Nf5 Nc4 39. Kc3 Nb6 40. Ng7 Na4+ 41. Kb3 Nb6 42. Nxh5 a4+ 43. Kc3 Nd7 44. g4 a5 45. Ng3 Nf8 46. h5 Nh7 47. Nf5 Ng5 48. f3 Nxf3 49. Ne3 Ng5 50. Kd3 Ne6 51. Nd5 Kd6 52. Nxf6 Nf4+ 53. Kc4 Ke6 54. Nd5 1-0

[Event "Wch Seniors 13th"]
[Site "Bad Zwischenahn"]
[Date "2003.??.??"]
[Round "?"]
[White "Frauenfelder, Rudolf"]
[Black "Loesche, Heinz"]
[Result "0-1"]
[WhiteElo "1925"]
[BlackElo "1780"]
[PlyCount "106"]
[EventDate "2003.11.16"]
[EventType "swiss"]
[EventRounds "11"]
[EventCountry "GER"]
[SourceTitle "CBM 097 Extra"]
[Source "ChessBase"]
[SourceDate "2004.01.13"]
[SourceVersion "1"]
[SourceVersionDate "2004.01.13"]
[SourceQuality "1"]

1. c4 Nf6 2. Nc3 c5 3. g3 g6 4. Bg2 Bg7 5. e4 Nc6 6. d3 d6 7. Nge2 Bd7 8. Rb1 a6 9. 0-0 Rb8 10. a4 0-0 11. h3 Qb6 12. Be3 e5 13. f4 Nb4 14. Kh2 Qc7 15. fxe5 dxe5 16. Bg5 Qd6 17. Nd5 Nfxd5 18. cxd5 f5 19. b3 Rf7 20. Qd2 Rbf8 21. Kh1 h6 22. Bxh6 Bxh6 23. Qxh6 Nxd3 24. exf5 Bxf5 25. Qe3 Nf2+ 26. Rxf2 Bxb1 27. Rxf7 Rxf7 28. Nc3 Bc2 29. Kh2 b6 30. Kg1 Kg7 31. Ne2 Qf6 32. Nc3 e4 33. Ne2 Bxb3 34. Nf4 Bc2 35. Bxe4 Bxe4 36. Qxe4 Qd4+ 37. Qxd4+ cxd4 38. Ne6+ Kg8 39. Nxd4 Rd7 40. Kf2 Rxd5 41. Ne2 Rd3 42. Nf4 Rb3 43. Nd5 Kg7 44. Nc7 b5 45. axb5 axb5 46. h4 Kf7 47. g4 b4 48. h5 gxh5 49. gxh5 Rh3 50. Ke2 Rxh5 51. Kd3 Rh4 52. Na6 b3 53. Kc3 Ra4 0-1

[Event "Wch Seniors 13th"]
[Site "Bad Zwischenahn"]
[Date "2003.??.??"]
[Round "?"]
[White "Loesche, Heinz"]
[Black "Filzmaier, Bruno"]
[Result "1/2-1/2"]
[WhiteElo "1780"]
[BlackElo "1780"]
[PlyCount "46"]
[EventDate "2003.11.16"]
[EventType "swiss"]
[EventRounds "11"]
[EventCountry "GER"]
[SourceTitle "CBM 097 Extra"]
[Source "ChessBase"]
[SourceDate "2004.01.13"]
[SourceVersion "1"]
[SourceVersionDate "2004.01.13"]
[SourceQuality "1"]

1. c4 e6 2. g3 d5 3. d4 Nf6 4. Bg2 c6 5. cxd5 exd5 6. Nf3 Qa5+ 7. Bd2 Bb4 8. a3 Bxd2+ 9. Qxd2 Qxd2+ 10. Nbxd2 Bf5 11. Rc1 h6 12. 0-0 0-0 13. Rfe1 Re8 14. Ne5 Nbd7 15. Nxd7 Bxd7 16. Rc3 Bf5 17. e3 Ne4 18. Nxe4 Bxe4 19. f3 Bf5 20. Kf2 Re7 21. h4 Rd8 22. b4 a6 23. Rc5 Rd6 1/2-1/2

[Event "Wch Seniors 13th"]
[Site "Bad Zwischenahn"]
[Date "2003.??.??"]
[Round "?"]
[White "Loesche, Heinz"]
[Black "Neumann, Horst"]
[Result "1-0"]
[WhiteElo "1780"]
[BlackElo "1860"]
[PlyCount "239"]
[EventDate "2003.11.16"]
[EventType "swiss"]
[EventRounds "11"]
[EventCountry "GER"]
[SourceTitle "CBM 097 Extra"]
[Source "ChessBase"]
[SourceDate "2004.01.13"]
[SourceVersion "1"]
[SourceVersionDate "2004.01.13"]
[SourceQuality "1"]

1. c4 Nf6 2. Nc3 c6 3. g3 d5 4. cxd5 cxd5 5. Nf3 Nc6 6. e3 Bg4 7. d4 e6 8. Bg2 Rc8 9. Qa4 Nd7 10. a3 Bd6 11. 0-0 0-0 12. Nd2 Nb6 13. Qb3 Na5 14. Qa2 Nbc4 15. Nb5 Bb8 16. b3 Nb6 17. a4 Nd7 18. Ba3 Re8 19. Rfc1 Rxc1+ 20. Rxc1 Nb6 21. Bc5 a6 22. b4 axb5 23. bxa5 Nxa4 24. Bf1 Qxa5 25. Rb1 Qc7 26. Rc1 Qd7 27. Qb1 Nxc5 28. Bxb5 Qd8 29. Bxe8 Qxe8 30. Rxc5 Bd6 31. Qxb7 e5 32. Rxd5 exd4 33. Rxd4 Bc8 34. Qa8 Bf8 35. Rc4 Bd7 36. Qxe8 Bxe8 37. Nf3 h6 38. Nd4 g6 39. Kg2 Kg7 40. h4 Bd6 41. f4 Bd7 42. e4 Bg4 43. Rc6 Bb8 44. Ra6 Bc7 45. Kf2 Bd8 46. Ke3 Be7 47. Rc6 Bb4 48. f5 g5 49. hxg5 hxg5 50. Nf3 Be7 51. Nh2 Bd1 52. e5 Bb4 53. g4 Ba3 54. Nf3 Bb2 55. Rc5 Ba3 56. Rd5 Bc1+ 57. Kf2 Bb3 58. Rc5 Bf4 59. Nd4 Bd1 60. Ne2 Bh2 61. e6 fxe6 62. fxe6 Kf6 63. e7 Kxe7 64. Rxg5 Kf6 65. Rd5 Bb3 66. g5+ Kg6 67. Rb5 Bc4 68. Rc5 Bxe2 69. Kxe2 Bf4 70. Kf3 Bxg5 71. Kg4 Bd8 72. Rc6+ Kf7 73. Kf5 Ke7 74. Ra6 Bc7 75. Ke4 Kd7 76. Kd5 Bh2 77. Ra7+ Kd8 78. Ke6 Bg3 79. Rd7+ Kc8 80. Rd3 Bh2 81. Rh3 Bf4 82. Rf3 Bh2 83. Rf7 Bg3 84. Kd5 Kd8 85. Kc6 Bh2 86. Rf3 Be5 87. Rd3+ Ke7 88. Rh3 Ke6 89. Re3 Kf5 90. Kd5 Bb8 91. Re8 Bc7 92. Re7 Bb8 93. Rf7+ Kg5 94. Ke4 Kg6 95. Rf3 Kg5 96. Rb3 Bc7 97. Rb7 Bd6 98. Rb5+ Kg4 99. Rb6 Bc7 100. Rg6+ Kh4 101. Rg7 Bb8 102. Kf5 Bd6 103. Rd7 Bb8 104. Rd4+ Kg3 105. Rg4+ Kf3 106. Rb4 Bc7 107. Rb3+ Ke2 108. Ke4 Kf2 109. Rf3+ Kg2 110. Ke3 Bb6+ 111. Ke2 Bc7 112. Rf7 Bb6 113. Rg7+ Kh2 114. Kf3 Bc5 115. Rh7+ Kg1 116. Rd7 Kh2 117. Rd2+ Kg1 118. Rg2+ Kf1 119. Rc2 Ba3 120. Rc3 1-0

[Event "Wch Seniors 13th"]
[Site "Bad Zwischenahn"]
[Date "2003.??.??"]
[Round "?"]
[White "Schneider, Miloca"]
[Black "Loesche, Heinz"]
[Result "1-0"]
[WhiteElo "1815"]
[BlackElo "1780"]
[PlyCount "107"]
[EventDate "2003.11.16"]
[EventType "swiss"]
[EventRounds "11"]
[EventCountry "GER"]
[SourceTitle "CBM 097 Extra"]
[Source "ChessBase"]
[SourceDate "2004.01.13"]
[SourceVersion "1"]
[SourceVersionDate "2004.01.13"]
[SourceQuality "1"]

1. d4 e6 2. c4 Nf6 3. Nc3 Bb4 4. Bd2 0-0 5. Nf3 b6 6. e3 Bb7 7. Be2 d5 8. 0-0 Nbd7 9. Nxd5 Nxd5 10. cxd5 Bxd2 11. dxe6 Bxe3 12. exf7+ Rxf7 13. fxe3 Kh8 14. Bc4 Rf6 15. Qe2 Qe7 16. Nd2 Re8 17. Rae1 c5 18. Rxf6 Nxf6 19. Nf3 Bxf3 20. gxf3 cxd4 21. exd4 Qd8 22. Be6 Qxd4+ 23. Kg2 Rf8 24. Qe3 Qb4 25. Bb3 Rd8 26. Re2 h6 27. Bf7 Nd5 28. Bxd5 Rxd5 29. Qe8+ Kh7 30. Qe4+ Qxe4 31. fxe4 Re5 32. Kf3 g5 33. Rd2 Kg6 34. Rd7 Rb5 35. b3 a5 36. Rd6+ Kh5 37. Rd5 Rxd5 38. exd5 Kg6 39. d6 Kf6 40. Kg4 Ke6 41. Kh5 g4 42. Kxh6 Kxd6 43. Kg5 Kc5 44. Kxg4 Kb4 45. h4 Ka3 46. h5 Kxa2 47. h6 Kxb3 48. h7 a4 49. h8Q a3 50. Kf4 Ka2 51. Qg8+ Kb2 52. Qg7+ Ka2 53. Qf7+ Kb2 54. Qf6+ 1-0